00396 a2200145 4500003000400000005001700004008004100021020001800062040000900080082001800089100002400107245006500131260004400196300001000240OSt20231106135711.0231106b |||||||| |||| 00| 0 eng d a9789384355784 coclc a954.83bKUN/K aKunhi, U K Muhammed aKanal padhangal thandiya Muslim League /cU K Muhammad Kunhi aAbu Dhabi:bGenius Publications,c2022. a320 p